[Event "TUR-chT 1st League"]
[Site "Ankara"]
[Date "2025.07.20"]
[Round "9.21"]
[White "Ceyhan, Mert"]
[Black "Ozen, Deniz"]
[Result "1/2-1/2"]
[WhiteElo "2220"]
[BlackElo "2374"]
[PlyCount "35"]
[EventDate "2025.07.14"]
[EventType "team-swiss"]
[EventRounds "9"]
[EventCountry "TUR"]
[SourceTitle "CB30_2025"]
[SourceDate "2025.07.23"]
[SourceVersion "1"]
[SourceVersionDate "2025.07.23"]
[SourceQuality "1"]
[WhiteTeam "Samandag Altin"]
[BlackTeam "Galva Metal"]
[WhiteTeamCountry "TUR"]
[BlackTeamCountry "TUR"]

1. d4 d5 2. c4 c6 3. cxd5 cxd5 4. Nc3 Nf6 5. Nf3 Nc6 6. Bf4 Bf5 7. e3 e6 8. Bd3 Bxd3 9. Qxd3 Bd6 10. Bxd6 Qxd6 11. 0-0 0-0 12. Rac1 Rac8 13. Rfd1 Rfd8 14. Ne1 Ng4 15. Nf3 Nf6 16. Ne1 Ng4 17. Nf3 Nf6 18. Ne1 1/2-1/2

[Event "TUR-chT 1st League"]
[Site "Ankara"]
[Date "2025.07.19"]
[Round "8.21"]
[White "Ceyhan, Mert"]
[Black "Bayram, Yakup"]
[Result "1-0"]
[WhiteElo "2220"]
[BlackElo "2150"]
[PlyCount "47"]
[EventDate "2025.07.14"]
[EventType "team-swiss"]
[EventRounds "9"]
[EventCountry "TUR"]
[SourceTitle "CB30_2025"]
[SourceDate "2025.07.23"]
[SourceVersion "1"]
[SourceVersionDate "2025.07.23"]
[SourceQuality "1"]
[WhiteTeam "Samandag Altin"]
[BlackTeam "Guzelbahce Satranc"]
[WhiteTeamCountry "TUR"]
[BlackTeamCountry "TUR"]

1. e4 e5 2. Nf3 Nc6 3. Nc3 Nf6 4. d4 exd4 5. Nxd4 Nxe4 6. Nxe4 Qe7 7. f3 d5 8. Bb5 dxe4 9. Nxc6 bxc6 10. Bxc6+ Bd7 11. Bxa8 exf3+ 12. Kf2 Qh4+ 13. g3 Bc5+ 14. Be3 Bxe3+ 15. Kxe3 Qg5+ 16. Kf2 Qc5+ 17. Kxf3 c6 18. Re1+ Be6 19. b4 Qf5+ 20. Kg2 0-0 21. Bxc6 Rc8 22. Be4 Bd5 23. Qxd5 Rxc2+ 24. Kh1 1-0

[Event "TUR-chT 1st League"]
[Site "Ankara"]
[Date "2025.07.14"]
[Round "1.57"]
[White "Konduk, Bekir Sami"]
[Black "Ceyhan, Mert"]
[Result "0-1"]
[WhiteElo "2020"]
[BlackElo "2220"]
[PlyCount "66"]
[EventDate "2025.07.14"]
[EventType "team-swiss"]
[EventRounds "9"]
[EventCountry "TUR"]
[SourceTitle "CB30_2025"]
[SourceDate "2025.07.23"]
[SourceVersion "1"]
[SourceVersionDate "2025.07.23"]
[SourceQuality "1"]
[WhiteTeam "Varyant Genclik"]
[BlackTeam "Samandag Altin"]
[WhiteTeamCountry "TUR"]
[BlackTeamCountry "TUR"]

1. d4 d5 2. c4 e6 3. Nf3 Nf6 4. g3 dxc4 5. Bg2 c5 6. 0-0 Nc6 7. Ne5 Bd7 8. Na3 cxd4 9. Naxc4 Be7 10. Bf4 0-0 11. Qb3 Qc8 12. Rac1 Rd8 13. Rfd1 Be8 14. Nxc6 bxc6 15. Be5 c5 16. Bxa8 Qxa8 17. Bc7 Rc8 18. Bd6 Bd8 19. Nd2 Bb6 20. Qc4 Qc6 21. Bf4 Nd5 22. Nf3 f6 23. Bd2 e5 24. b4 Bf7 25. bxc5 Nc3 26. Qa6 Qxc5 27. Rxc3 dxc3 28. Be3 Qc4 29. Qb7 c2 30. Rc1 Bd5 31. Qd7 Rd8 32. Qe7 Bxf3 33. exf3 Rd1+ 0-1

[Event "Cesme op-A 11th"]
[Site "Izmir"]
[Date "2025.06.26"]
[Round "6"]
[White "Akkara, Omer"]
[Black "Ceyhan, Mert"]
[Result "1/2-1/2"]
[WhiteElo "2036"]
[BlackElo "2220"]
[PlyCount "61"]
[EventDate "2025.06.23"]
[EventType "swiss"]
[EventRounds "9"]
[EventCountry "TUR"]
[SourceTitle "CB27_2025"]
[SourceDate "2025.07.02"]
[SourceVersion "1"]
[SourceVersionDate "2025.07.02"]
[SourceQuality "1"]

1. e4 c5 2. Nf3 g6 3. d4 cxd4 4. Qxd4 Nf6 5. e5 Nc6 6. Qa4 Nd5 7. Qe4 Nb6 8. Nc3 Bg7 9. Bf4 d5 10. exd6 Bf5 11. Qe3 0-0 12. Qd2 exd6 13. Be2 Na5 14. Nd1 Nac4 15. Qc1 Rc8 16. c3 Re8 17. Be3 Nxe3 18. fxe3 Nd5 19. Qd2 Nxe3 20. Nxe3 Bh6 21. Rd1 Rc6 22. Nxf5 Bxd2+ 23. Rxd2 gxf5 24. 0-0 Rc5 25. Bd1 Ra5 26. a4 Re4 27. Bc2 Qe7 28. Bxe4 fxe4 29. Nd4 Rxa4 30. Nf5 Qe5 31. Rd5 1/2-1/2

[Event "Cesme op-A 11th"]
[Site "Izmir"]
[Date "2025.06.24"]
[Round "2"]
[White "Ceyhan, Mert"]
[Black "Akbas, Kaan"]
[Result "1-0"]
[WhiteElo "2220"]
[BlackElo "2070"]
[PlyCount "90"]
[EventDate "2025.06.23"]
[EventType "swiss"]
[EventRounds "9"]
[EventCountry "TUR"]
[SourceTitle "CB27_2025"]
[SourceDate "2025.07.02"]
[SourceVersion "1"]
[SourceVersionDate "2025.07.02"]
[SourceQuality "1"]

1. e4 c5 2. Nf3 e6 3. c3 Nf6 4. Bd3 Nc6 5. Bc2 d6 6. d4 cxd4 7. cxd4 Nb4 8. Ba4+ Bd7 9. Nc3 b5 10. Bb3 a5 11. a3 a4 12. axb4 axb3 13. Bg5 Be7 14. 0-0 Rxa1 15. Qxa1 h6 16. Bxf6 Bxf6 17. Qa3 0-0 18. Qxb3 Qb6 19. Rd1 Rc8 20. e5 Be7 21. Ne4 Bc6 22. Rc1 Ra8 23. exd6 Bxe4 24. dxe7 Qa7 25. Qe3 Bd5 26. Rc5 Bxf3 27. gxf3 Qxe7 28. Rxb5 Qf6 29. Qe4 Rd8 30. Re5 Rb8 31. b5 Qd8 32. Rc5 Qe8 33. Qc6 Qd8 34. d5 exd5 35. Rxd5 Qa5 36. Qc2 Qe1+ 37. Kg2 Qe6 38. Qf5 Qe8 39. Rc5 Qd8 40. Rc6 h5 41. b6 Qe8 42. Qc5 f6 43. Qc2 Qe5 44. Rc8+ Rxc8 45. Qxc8+ Kh7 1-0

[Event "EU-ch 25th"]
[Site "Eforie Nord"]
[Date "2025.03.26"]
[Round "11"]
[White "Damjanovic, Vuk"]
[Black "Ceyhan, Mert"]
[Result "1-0"]
[WhiteElo "2368"]
[BlackElo "2168"]
[PlyCount "79"]
[EventDate "2025.03.15"]
[EventType "swiss"]
[EventRounds "11"]
[EventCountry "ROU"]
[SourceTitle "CB13_2025"]
[SourceDate "2025.03.26"]
[SourceVersion "1"]
[SourceVersionDate "2025.03.26"]
[SourceQuality "1"]

1. d4 d5 2. c4 e6 3. Nc3 Nf6 4. Bg5 dxc4 5. e3 a6 6. Bxc4 c5 7. Nf3 b5 8. Be2 Nbd7 9. Ne5 Bb7 10. Bf3 Qb6 11. Nxd7 Nxd7 12. d5 Ne5 13. Be4 f5 14. Bc2 b4 15. Ba4+ Kf7 16. Ne2 Bxd5 17. 0-0 h6 18. Bh4 g5 19. Bg3 Ng6 20. f3 Bc6 21. Bb3 Bb5 22. Qc2 c4 23. Bxc4 Qc5 24. Rac1 Rc8 25. Bxe6+ Kxe6 26. Qd2 f4 27. Nd4+ Kf7 28. Nxb5 Qxb5 29. Rxc8 fxg3 30. hxg3 Be7 31. Rc7 Qe5 32. Rfc1 Re8 33. f4 Qe4 34. R1c4 Qb1+ 35. Kh2 Qf5 36. R4c5 Qe4 37. Qd7 Rf8 38. Re5 Nxe5 39. Qxe7+ Kg6 40. Qh7+ 1-0

[Event "EU-ch 25th"]
[Site "Eforie Nord"]
[Date "2025.03.24"]
[Round "9"]
[White "David, Alexandru Vasile"]
[Black "Ceyhan, Mert"]
[Result "1/2-1/2"]
[WhiteElo "2331"]
[BlackElo "2168"]
[PlyCount "49"]
[EventDate "2025.03.15"]
[EventType "swiss"]
[EventRounds "11"]
[EventCountry "ROU"]
[SourceTitle "CB13_2025"]
[SourceDate "2025.03.26"]
[SourceVersion "1"]
[SourceVersionDate "2025.03.26"]
[SourceQuality "1"]

1. d4 d5 2. c4 e6 3. Nc3 Nf6 4. cxd5 exd5 5. Bg5 Be7 6. e3 h6 7. Bh4 Bg4 8. Be2 Bxe2 9. Ngxe2 c6 10. f3 0-0 11. 0-0 Nbd7 12. Qc2 b5 13. Bf2 Rc8 14. Ng3 Re8 15. Kh1 b4 16. Nce2 c5 17. dxc5 Bxc5 18. Qd2 Qb6 19. Nf5 Ne5 20. b3 Nc6 21. Rac1 Ne7 22. Nfd4 Nc6 23. Nf5 Ne7 24. Nfd4 Nc6 25. Nf5 1/2-1/2

[Event "EU-ch 24th"]
[Site "Petrovac"]
[Date "2024.11.15"]
[Round "7"]
[White "Brzezina, Piotr"]
[Black "Ceyhan, Mert"]
[Result "1-0"]
[WhiteElo "2307"]
[BlackElo "2114"]
[PlyCount "81"]
[EventDate "2024.11.08"]
[EventType "swiss"]
[EventRounds "11"]
[EventCountry "MNE"]
[SourceTitle "CB47_2024"]
[SourceDate "2024.11.20"]
[SourceVersion "1"]
[SourceVersionDate "2024.11.20"]
[SourceQuality "1"]

1. d4 d5 2. c4 e6 3. Nf3 Nf6 4. Nc3 a6 5. cxd5 exd5 6. Qb3 c6 7. Bf4 Bd6 8. e3 Bxf4 9. exf4 Qe7+ 10. Be2 Bg4 11. 0-0 Bxf3 12. Bxf3 0-0 13. Rfe1 Qc7 14. Rac1 Nbd7 15. Nxd5 Nxd5 16. Qxd5 Nf6 17. Qe5 Qb6 18. b3 Rfd8 19. Qc5 Qxc5 20. dxc5 Rd7 21. g3 a5 22. Rc4 Kf8 23. Ra4 Rd2 24. b4 Rd4 25. Rb1 Nd7 26. Rxa5 Rxa5 27. bxa5 Nxc5 28. a6 bxa6 29. Rc1 Nd3 30. Rxc6 Ra4 31. Bd5 Nb4 32. Rc8+ Ke7 33. Bb3 Ra3 34. Rc7+ Kd6 35. Rxf7 Nxa2 36. Bxa2 Rxa2 37. Rxg7 a5 38. Rxh7 a4 39. Ra7 a3 40. Kg2 Kc5 41. f5 1-0

[Event "TUR-chT 2nd League"]
[Site "Denizli"]
[Date "2024.07.20"]
[Round "8.1"]
[White "Ozen, Bahadir"]
[Black "Ceyhan, Mert"]
[Result "1-0"]
[WhiteElo "2357"]
[BlackElo "2018"]
[PlyCount "73"]
[EventDate "2024.07.15"]
[EventType "team-swiss"]
[EventRounds "9"]
[EventCountry "TUR"]
[SourceTitle "EXT 2025"]
[Source "ChessBase"]
[SourceDate "2024.10.14"]
[SourceVersion "1"]
[SourceVersionDate "2024.10.14"]
[SourceQuality "1"]
[WhiteTeam "Moda"]
[BlackTeam "Akcakoca Kultur Sanat"]
[WhiteTeamCountry "TUR"]
[BlackTeamCountry "TUR"]

1. Nf3 c5 2. c4 Nc6 3. g3 g6 4. Bg2 Bg7 5. Nc3 d6 6. 0-0 Nh6 7. d4 cxd4 8. Bxh6 Bxh6 9. Nxd4 Bd7 10. c5 dxc5 11. Nxc6 Bxc6 12. Bxc6+ bxc6 13. Qc2 0-0 14. Ne4 Rb8 15. Nxc5 Bg7 16. Rab1 Qd5 17. b3 Rb5 18. Rbc1 Bd4 19. Nd3 c5 20. e3 Bf6 21. Qc4 Qxc4 22. Rxc4 Rd8 23. Nxc5 Rd2 24. a4 Rb8 25. b4 Rc8 26. Rfc1 Bb2 27. Na6 Rcd8 28. R1c2 Rd1+ 29. Kg2 R8d6 30. Rc8+ Kg7 31. Nc7 R6d2 32. Rxd2 Rxd2 33. Nb5 Rd7 34. Ra8 Kf6 35. Rxa7 Rd2 36. a5 Bc1 37. Rc7 1-0

[Event "TUR-chT 2nd League"]
[Site "Denizli"]
[Date "2024.07.19"]
[Round "7.4"]
[White "Ceyhan, Mert"]
[Black "Engin, Onur Cinar"]
[Result "1-0"]
[WhiteElo "2018"]
[BlackElo "2114"]
[PlyCount "129"]
[EventDate "2024.07.15"]
[EventType "team-swiss"]
[EventRounds "9"]
[EventCountry "TUR"]
[SourceTitle "EXT 2025"]
[Source "ChessBase"]
[SourceDate "2024.10.14"]
[SourceVersion "1"]
[SourceVersionDate "2024.10.14"]
[SourceQuality "1"]
[WhiteTeam "Akcakoca Kultur Sanat"]
[BlackTeam "Ankara DSI Genclik"]
[WhiteTeamCountry "TUR"]
[BlackTeamCountry "TUR"]

1. e4 c6 2. d4 d5 3. Nc3 dxe4 4. Nxe4 Nf6 5. Nxf6+ exf6 6. c3 Bd6 7. Bd3 Na6 8. Ne2 Nc7 9. Qc2 h5 10. 0-0 Nd5 11. Bd2 Kf8 12. Rae1 Qc7 13. h3 g6 14. a3 b5 15. b3 Ne7 16. c4 bxc4 17. bxc4 Qd8 18. Bc3 Nf5 19. Qb2 Rb8 20. Qa1 Kg7 21. Ng3 Bxg3 22. fxg3 Qd6 23. Rf3 Be6 24. c5 Qd8 25. g4 hxg4 26. hxg4 Ne7 27. g5 Nd5 28. gxf6+ Kf8 29. Bd2 Rb3 30. Re5 Bg4 31. Rg3 Bf5 32. Qf1 Nxf6 33. Rxf5 gxf5 34. Qxf5 Qxd4+ 35. Be3 Qa1+ 36. Bf1 Rxe3 37. Rxe3 Rh5 38. Qc8+ Kg7 39. Rg3+ Kh7 40. Qd8 Qe1 41. Rf3 Ne8 42. Rxf7+ Ng7 43. Qd4 Rg5 44. Rxa7 Kh6 45. Qf6+ Rg6 46. Qf4+ Kh7 47. Ra4 Qc3 48. Qd4 Qe1 49. Qh4+ Qxh4 50. Rxh4+ Kg8 51. a4 Rg5 52. a5 Rxc5 53. Ra4 Re5 54. a6 Re8 55. Rb4 Ra8 56. Rb6 c5 57. Rc6 Kf8 58. Rxc5 Ne6 59. Ra5 Ke7 60. a7 Nd4 61. Ra6 Ne6 62. Be2 Nc7 63. Ra1 Ke6 64. Bf3 Nd5 65. Ra5 1-0

[Event "TUR-chT 2nd League"]
[Site "Denizli"]
[Date "2024.07.18"]
[Round "5.4"]
[White "Ceyhan, Mert"]
[Black "Yungucu, Arda"]
[Result "1-0"]
[WhiteElo "2018"]
[BlackElo "2095"]
[PlyCount "65"]
[EventDate "2024.07.15"]
[EventType "team-swiss"]
[EventRounds "9"]
[EventCountry "TUR"]
[SourceTitle "EXT 2025"]
[Source "ChessBase"]
[SourceDate "2024.10.14"]
[SourceVersion "1"]
[SourceVersionDate "2024.10.14"]
[SourceQuality "1"]
[WhiteTeam "Akcakoca Kultur Sanat"]
[BlackTeam "Eskiseh Tasci"]
[WhiteTeamCountry "TUR"]
[BlackTeamCountry "TUR"]

1. e4 c5 2. Nf3 Nc6 3. Bb5 e6 4. Bxc6 bxc6 5. b3 Ne7 6. e5 Ng6 7. d3 d6 8. Bb2 dxe5 9. Nc3 Be7 10. Qe2 Qa5 11. 0-0-0 c4 12. dxc4 Bb4 13. Na4 f6 14. h4 Bb7 15. h5 Nf4 16. Qe4 Rb8 17. Nxe5 fxe5 18. Bxe5 0-0 19. Bxb8 Qf5 20. Qxf4 Qxf4+ 21. Bxf4 Rxf4 22. Rd7 Bc8 23. Rd8+ Rf8 24. Rhd1 Be7 25. Rxf8+ Kxf8 26. f4 c5 27. Nc3 Bb7 28. g3 Bf6 29. Nb5 a6 30. Rd7 Bc6 31. Rd6 Bxb5 32. cxb5 axb5 33. a4 1-0

[Event "Cesme op-A 10th"]
[Site "Cesme"]
[Date "2024.06.27"]
[Round "5"]
[White "Kavri, Yusuf Eren"]
[Black "Ceyhan, Mert"]
[Result "1-0"]
[WhiteElo "2059"]
[BlackElo "2018"]
[PlyCount "155"]
[EventDate "2024.06.23"]
[EventType "swiss"]
[EventRounds "9"]
[EventCountry "TUR"]
[SourceTitle "CBM 220 Extra"]
[Source "ChessBase"]
[SourceDate "2024.07.31"]
[SourceVersion "1"]
[SourceVersionDate "2024.07.31"]
[SourceQuality "1"]

1. d4 d5 2. c4 e6 3. Nc3 Nf6 4. Bg5 dxc4 5. e3 c5 6. Bxc4 a6 7. a4 cxd4 8. exd4 Be7 9. Nf3 0-0 10. Qe2 Nc6 11. Rd1 Nd5 12. Bxe7 Ncxe7 13. 0-0 b6 14. Ne5 Bb7 15. Ne4 Nf5 16. g3 Qe8 17. a5 f6 18. Nf3 Qg6 19. Bxd5 Bxd5 20. Nc3 Bb3 21. Rc1 b5 22. Nd2 Nxd4 23. Qe3 Nc2 24. Qe2 Nd4 25. Qe3 Rfd8 26. Nxb5 axb5 27. Nxb3 Nxb3 28. Qxb3 Qf5 29. Rfe1 Qd5 30. Qxd5 Rxd5 31. Rxe6 Kf7 32. Rb6 Rxa5 33. Rc7+ Kg6 34. Rbb7 Rd2 35. Rxg7+ Kf5 36. Rxh7 Rxb2 37. Rh4 Kg5 38. Rf4 Ra6 39. Rb8 Kg6 40. h4 Re6 41. Kg2 Kg7 42. Rg4+ Kh7 43. Rb7+ Kh6 44. Rf4 Kg6 45. Kh3 f5 46. Rb8 Rf6 47. Kg2 Rb1 48. Rf3 Rb2 49. Rd3 f4 50. g4 Rb1 51. Rg8+ Kf7 52. Rb8 Kg6 53. Rf3 b4 54. h5+ Kg7 55. Rb5 Rf7 56. Rb6 Kh7 57. h6 b3 58. Rbxb3 Rxb3 59. Rxb3 Kxh6 60. Kf3 Kg5 61. Rb5+ Kg6 62. Ke4 f3 63. Rf5 Ra7 64. Kxf3 Ra4 65. Kg3 Ra3+ 66. f3 Ra1 67. Rb5 Ra2 68. Rb6+ Kg7 69. g5 Ra4 70. f4 Ra1 71. Kg4 Ra2 72. Rb7+ Kg8 73. f5 Ra5 74. f6 Ra8 75. Kh5 Rf8 76. Kg6 Ra8 77. Rg7+ Kh8 78. Rh7+ 1-0

[Event "Cesme op-A 10th"]
[Site "Cesme"]
[Date "2024.06.25"]
[Round "4"]
[White "Ceyhan, Mert"]
[Black "Bolat, Inayat"]
[Result "0-1"]
[WhiteElo "2018"]
[BlackElo "2232"]
[PlyCount "134"]
[EventDate "2024.06.23"]
[EventType "swiss"]
[EventRounds "9"]
[EventCountry "TUR"]
[SourceTitle "CBM 220 Extra"]
[Source "ChessBase"]
[SourceDate "2024.07.31"]
[SourceVersion "1"]
[SourceVersionDate "2024.07.31"]
[SourceQuality "1"]

1. e4 e5 2. Nc3 Nf6 3. g3 Bc5 4. Bg2 c6 5. Nf3 d5 6. exd5 e4 7. Ng5 Bxf2+ 8. Kxf2 Ng4+ 9. Ke1 Qxg5 10. d3 e3 11. Qf3 0-0 12. h3 Ne5 13. Qxe3 Qd8 14. Bd2 Re8 15. Kf1 cxd5 16. Bxd5 Nbc6 17. Kg2 Nb4 18. Bb3 Nexd3 19. Qg5 Qxg5 20. Bxg5 Nc5 21. Rhe1 Bf5 22. Rxe8+ Rxe8 23. Rf1 Bg6 24. Rf2 h6 25. Bf4 Nxb3 26. cxb3 Re1 27. Rf1 Re6 28. Rf2 b5 29. Re2 Rxe2+ 30. Nxe2 Be4+ 31. Kg1 Nd3 32. Be3 a6 33. Bd4 Bf3 34. Nf4 Nc1 35. Be3 Nxa2 36. Bd2 a5 37. Bxa5 Nc1 38. b4 g5 39. Kf2 gxf4 40. Kxf3 fxg3 41. Kxg3 Nd3 42. b3 f5 43. Kf3 Kf7 44. Ke3 Nc1 45. Bb6 Nxb3 46. Kd3 Nc1+ 47. Kd2 Na2 48. Bc5 Kg6 49. Bf8 f4 50. Ke2 Kf5 51. Kf3 Nc1 52. Bxh6 Nd3 53. Bg7 Nxb4 54. h4 Nd5 55. h5 b4 56. Bb2 Kg5 57. h6 Kxh6 58. Kg4 Kg6 59. Be5 Kf7 60. Kf3 Ke6 61. Ke4 Kd7 62. Kd4 f3 63. Bg3 b3 64. Kd3 Nf4+ 65. Kd2 b2 66. Kc2 Nd3 67. Kb1 Ke6 0-1

[Event "TUR-ch U16"]
[Site "Belek Antalya"]
[Date "2024.01.27"]
[Round "9"]
[White "Tutmaz, Bugra Hamza"]
[Black "Ceyhan, Mert"]
[Result "0-1"]
[WhiteElo "1531"]
[BlackElo "2020"]
[PlyCount "80"]
[EventDate "2024.01.21"]
[EventType "swiss"]
[EventRounds "9"]
[EventCountry "TUR"]
[SourceTitle "EXT 2025"]
[Source "ChessBase"]
[SourceDate "2024.10.14"]
[SourceVersion "1"]
[SourceVersionDate "2024.10.14"]
[SourceQuality "1"]

1. e4 c5 2. Nf3 d6 3. d4 cxd4 4. Nxd4 Nf6 5. Nc3 g6 6. Be3 Bg7 7. f3 a6 8. Qd2 h5 9. Bc4 b5 10. Bd5 Nxd5 11. Nxd5 e6 12. Nc3 Nd7 13. 0-0-0 Ne5 14. Kb1 Nc4 15. Qd3 Bb7 16. h4 Rc8 17. Bc1 Qa5 18. Nce2 0-0 19. f4 Qb4 20. c3 Qc5 21. Nc2 f5 22. Ng3 Rfe8 23. Rh2 a5 24. Rh3 b4 25. b3 Na3+ 26. Nxa3 bxa3 27. c4 d5 28. cxd5 exd5 29. exf5 Ba6 30. Qd2 Re3 31. Ne4 Bd3+ 32. Qxd3 Rxd3 33. Nxc5 Rxd1 34. Kc2 Rxc1+ 35. Kxc1 Rxc5+ 36. Kd2 gxf5 37. Rg3 Kf7 38. Rg5 Bf6 39. Rg3 d4 40. Rh3 Rc3 0-1

[Event "TUR-ch U16"]
[Site "Belek Antalya"]
[Date "2024.01.25"]
[Round "7"]
[White "Gungor, Cihan Akif"]
[Black "Ceyhan, Mert"]
[Result "1-0"]
[WhiteElo "1862"]
[BlackElo "2020"]
[PlyCount "104"]
[EventDate "2024.01.21"]
[EventType "swiss"]
[EventRounds "9"]
[EventCountry "TUR"]
[SourceTitle "EXT 2025"]
[Source "ChessBase"]
[SourceDate "2024.10.14"]
[SourceVersion "1"]
[SourceVersionDate "2024.10.14"]
[SourceQuality "1"]

1. e4 c5 2. Nf3 d6 3. d4 cxd4 4. Nxd4 Nf6 5. Nc3 g6 6. Be3 Bg7 7. f3 a6 8. Qd2 h5 9. a4 Qc7 10. Be2 Nbd7 11. Nb3 Ne5 12. a5 Be6 13. Nd4 Bc4 14. f4 Neg4 15. Bxc4 Qxc4 16. Ra4 Qc7 17. h3 Nxe3 18. Qxe3 e5 19. Nde2 Rc8 20. 0-0 Qc5 21. Qxc5 Rxc5 22. Rb4 Rxa5 23. Rxb7 0-0 24. f5 gxf5 25. Rxf5 d5 26. exd5 Nxd5 27. Rxh5 Nxc3 28. Nxc3 f6 29. Rf5 Rf7 30. Rb6 Ra1+ 31. Rf1 Rxf1+ 32. Kxf1 f5 33. Rxa6 Rb7 34. b3 Kf7 35. Nd5 e4 36. g4 fxg4 37. hxg4 Bd4 38. Ke2 Rb5 39. Rd6 Ra5 40. Ne3 Bc3 41. Rc6 Bf6 42. Rc4 Re5 43. Nf5 Kg6 44. Ng3 Kg5 45. Rxe4 Ra5 46. Nf5 Rc5 47. Ne3 Kh4 48. Rc4 Re5 49. Kf3 Bg5 50. Re4 Ra5 51. Nf5+ Kh3 52. Re1 Kh2 1-0

[Event "TUR-chT 1st League"]
[Site "Denizli"]
[Date "2023.07.11"]
[Round "4.86"]
[White "Temizer, Umut"]
[Black "Ceyhan, Mert"]
[Result "1-0"]
[WhiteElo "2116"]
[BlackElo "1773"]
[PlyCount "57"]
[EventDate "2023.07.09"]
[EventType "team-swiss"]
[EventRounds "9"]
[EventCountry "TUR"]
[SourceTitle "CBM 215 Extra"]
[Source "ChessBase"]
[SourceDate "2023.09.30"]
[SourceVersion "1"]
[SourceVersionDate "2023.09.30"]
[SourceQuality "1"]
[WhiteTeam "Doktor Metin Surmeli"]
[BlackTeam "Varyant Genclik"]
[WhiteTeamCountry "TUR"]
[BlackTeamCountry "TUR"]

1. e4 c6 2. d4 d5 3. Nc3 dxe4 4. Nxe4 Nf6 5. Nxf6+ exf6 6. Bc4 Na6 7. Ne2 Bd6 8. Bf4 Bf5 9. 0-0 0-0 10. Bxd6 Qxd6 11. Ng3 Be6 12. Bxa6 bxa6 13. Qd3 c5 14. dxc5 Qxc5 15. b3 Rfd8 16. Qe2 Rac8 17. Rfd1 Rxd1+ 18. Rxd1 h6 19. c4 a5 20. a4 Rb8 21. Qc2 Bg4 22. Rd5 Qb4 23. h3 Be6 24. Rd3 g6 25. Kh2 Kg7 26. f4 Qc5 27. Qc3 Qc7 28. Qd4 Rc8 29. Kh1 1-0

[Event "TUR-chT 1st League"]
[Site "Denizli"]
[Date "2023.07.09"]
[Round "1.46"]
[White "Ceyhan, Mert"]
[Black "Ozturk, Efe Hakan"]
[Result "1/2-1/2"]
[WhiteElo "1773"]
[BlackElo "2052"]
[PlyCount "97"]
[EventDate "2023.07.09"]
[EventType "team-swiss"]
[EventRounds "9"]
[EventCountry "TUR"]
[SourceTitle "CBM 215 Extra"]
[Source "ChessBase"]
[SourceDate "2023.09.30"]
[SourceVersion "1"]
[SourceVersionDate "2023.09.30"]
[SourceQuality "1"]
[WhiteTeam "Varyant Genclik"]
[BlackTeam "Guzelbahce Altyapi"]
[WhiteTeamCountry "TUR"]
[BlackTeamCountry "TUR"]

1. e4 c5 2. Nf3 e6 3. g3 a6 4. Bg2 d6 5. 0-0 Qc7 6. Re1 Nc6 7. c3 Nf6 8. d4 e5 9. Bg5 Nd7 10. Nbd2 h6 11. Be3 Nf6 12. Nc4 Bg4 13. d5 Nd8 14. h3 Bd7 15. a4 b6 16. Nh2 Nh7 17. f4 f6 18. fxe5 fxe5 19. Qh5+ Nf7 20. Rf1 Nf6 21. Qg6 Be7 22. Ng4 Bxg4 23. hxg4 0-0 24. Bh3 Nh7 25. Rxf7 Rxf7 26. g5 Nf8 27. Qh5 g6 28. Qg4 h5 29. Qe2 Qd8 30. a5 b5 31. Nb6 Rb8 32. Qd2 Kh8 33. Be6 Rg7 34. b4 Nh7 35. bxc5 Nxg5 36. Qg2 dxc5 37. Nd7 Rb7 38. Nxe5 Nxe6 39. dxe6 Bf6 40. Nf7+ Rgxf7 41. exf7 Rxf7 42. Rf1 Qe7 43. Qf3 Kg8 44. Bf2 Bd4 45. Qd3 Bxf2+ 46. Rxf2 Rxf2 47. Kxf2 Kg7 48. Ke2 Qe6 49. Ke3 1/2-1/2

[Event "TUR-chT Clubs"]
[Site "Konya"]
[Date "2019.07.20"]
[Round "8.15"]
[White "Aladag, Yigit Dogan"]
[Black "Ceyhan, Mert"]
[Result "1/2-1/2"]
[WhiteElo "1655"]
[BlackElo "1474"]
[PlyCount "101"]
[EventDate "2019.07.16"]
[EventType "team-swiss"]
[EventRounds "9"]
[EventCountry "TUR"]
[SourceTitle "CBM 191 Extra"]
[Source "ChessBase"]
[SourceDate "2019.09.30"]
[SourceVersion "1"]
[SourceVersionDate "2019.09.30"]
[SourceQuality "1"]
[WhiteTeam "Mersin Zeka"]
[BlackTeam "Bornova Belediyesi Genclik"]
[WhiteTeamCountry "TUR"]
[BlackTeamCountry "TUR"]

1. d4 d6 2. Nf3 Nf6 3. c4 g6 4. g3 Bg7 5. Bg2 0-0 6. 0-0 c5 7. Nc3 Bd7 8. e4 cxd4 9. Nxd4 Nc6 10. Nxc6 Bxc6 11. Be3 Qc8 12. Rc1 Bd7 13. Nd5 Nxd5 14. cxd5 Qd8 15. Qb3 b6 16. Rc2 Rc8 17. Rfc1 Rxc2 18. Qxc2 Qc8 19. b4 Qxc2 20. Rxc2 Rc8 21. Rxc8+ Bxc8 22. Bf1 Bc3 23. b5 Kf8 24. f3 Ke8 25. Kf2 Bd7 26. a4 Kd8 27. Ke2 Kc7 28. Kd3 Bg7 29. h3 Kb7 30. g4 Kc7 31. Ke2 e6 32. f4 exd5 33. exd5 f5 34. Kf3 h5 35. gxh5 gxh5 36. Bf2 Bf6 37. Bd3 h4 38. Ke3 Bc8 39. Be2 Bb7 40. Bf3 Kd8 41. Kd3 Ke8 42. Kc4 Bd8 43. a5 Bc8 44. Bh5+ Kf8 45. axb6 axb6 46. Bd4 Bd7 47. Bg6 Kg8 48. Bh5 Kf8 49. Bg6 Kg8 50. Bc3 Be7 51. Bd4 1/2-1/2